Mechanics of materials

Gespeichert in:
Bibliographische Detailangaben
1. Verfasser: R. C. Hibbeber
Format: Buch
Sprache:Undetermined
Veröffentlicht: Upper Saddle River, NJ Prentice-Hall 2003
Schlagworte:
Tags: Tag hinzufügen
Keine Tags, Fügen Sie den ersten Tag hinzu!
Thư viện lưu trữ: Trung tâm Học liệu Trường Đại học Cần Thơ
LEADER 00501nam a2200193Ia 4500
001 CTU_65763
008 210402s9999 xx 000 0 und d
020 |b 450000 
082 |a 620.11 
082 |b H624 
100 |a R. C. Hibbeber 
245 0 |a Mechanics of materials 
245 0 |c R. C. Hibbeber 
260 |a Upper Saddle River, NJ 
260 |b Prentice-Hall 
260 |c 2003 
650 |a strength of materials 
904 |i Minh 
980 |a Trung tâm Học liệu Trường Đại học Cần Thơ